'C' Vocabulary (Medium) Quiz Stats

 Plays Quiz Updated Dec 3, 2016

Support Sporcle.
Go Orange.
Score 0/25 Timer 05:00
2 Plays Today
% Correct
calcium
96.9%
comedian
96.9%
chandelier
96.5%
choreography
96.5%
cassette
96.4%
canal
96.3%
curriculum
96.2%
constellation
96.2%
caddy
96.1%
clerk
96%
calamari
95.9%
cello
95.8%
carcinogenic
95.8%
% Correct
catastrophe
95.7%
censor
95.5%
chorizo
95.5%
counterfeit
95.1%
cymbal
95%
controversy
94.4%
cadaver
94.4%
cacophony
94.2%
carnivore
93.9%
china
93.1%
cannibal
93%
canyon
92.5%

You're not logged in!

Compare scores with friends on all Sporcle quizzes.
OR
Log In

From the Vault

10 Closest Capitals to the Suez Canal

by gazzso

Hopefully you won't get stuck.
Remove Ads.
Support Sporcle.
Get the best of Sporcle when you Go Orange. This ad-free experience offers more features, more stats, and more fun while also helping to support Sporcle. Thank you for becoming a member.

Show Comments

Extras

Top Quizzes Today


Score Distribution

Your Account Isn't Verified!

In order to create a playlist on Sporcle, you need to verify the email address you used during registration. Go to your Sporcle Settings to finish the process.

Report this User

Report this user for behavior that violates our Community Guidelines.

Details: